[Event "UZB-ch Men 2018"]
[Site "Tashkent"]
[Date "2018.05.03"]
[Round "1.1"]
[White "Vokhidov, Shamsiddin"]
[Black "Abdisalimov, Abdimalik"]
[Result "1-0"]
[WhiteElo "2414"]
[BlackElo "2317"]
[Annotator "TA"]
[PlyCount "57"]
[EventDate "2018.05.13"]
[EventType "tourn"]
[EventCountry "UZB"]

{[%evp 20,57,58,47,72,29,41,34,27,36,67,89,99,89,132,108,170,162,149,147,145,102,213,203,229,219,383,335,397,330,433,429,431,411,707,701,697,680,752,604]} 1. e4 c5 2. Nf3 d6 3. d4 cxd4 4. Nxd4 Nf6 5. Nc3 a6 6. h3 e6 7. g4 h6 8. Bg2 Nc6 9. Nxc6 {B81: Sicilian Scheveningen: Keres Attack} bxc6 10. e5 Nd5 11. exd6 $1 {LiveBook: 7 Games. White is slightly better.} Qxd6 (11... Bxd6 12. Ne4 Be5 13. O-O Qc7 14. c4 Nf4 15. Bxf4 Bxf4 16. Qf3 O-O {0-1 (58) Ganguly,S (2668)-Vachier Lagrave,M (2804) Doha 2016}) 12. Ne4 {[%cal Bc3e4,Be4g3,Bg3h5,Bh5f4][%mdl 32]} Qc7 13. O-O Be7 14. c4 {[#]} Nb6 $146 ({Predecessor:} 14... Nf6 15. Nxf6+ Bxf6 16. Qf3 Bb7 {½-½ (65) Van Kampen,R (2570)-Timman,J (2578) Hoogeveen 2012}) 15. b3 O-O 16. Bb2 $36 {[%mdl 2048] White is on the roll.} f5 17. Ng3 ({Of course not} 17. gxf5 $6 exf5 18. Nd2 Bb7 $14) 17... Bc5 (17... Bf6 $16 18. Bxf6 Rxf6) 18. Qf3 $18 Bd7 19. Rae1 Rf7 20. Be5 Qd8 (20... Bd6 $16 {might work better.} 21. Bxd6 Qxd6) 21. Nh5 Qg5 22. Nf4 h5 $2 {[#]} (22... Raf8) 23. gxh5 Rc8 24. Bc3 Qh6 25. Rd1 Be8 26. Rfe1 Re7 (26... Rd7 $142 27. Nxe6 Bxh5 28. Rxd7 (28. Qxf5 Rxd1 29. Rxd1 Bxd1 $18) 28... Bxf3 29. Rxg7+ Qxg7 30. Nxg7 Bxg2 31. Kxg2 f4) 27. b4 {White is clearly winning.} Na4 28. Bd2 ({Not} 28. bxc5 Nxc3 29. Qxc3 Qxf4 $16) 28... Nb2 29. Ng6 {Precision: White = 87%, Black = 31%.} 1-0

[Event "UZB-ch Men 2018"]
[Site "Tashkent"]
[Date "2018.05.03"]
[Round "1.2"]
[White "Yakubboev, Nodirbek"]
[Black "Dzhumaev, Marat"]
[Result "0-1"]
[WhiteElo "2493"]
[BlackElo "2451"]
[Annotator "TA"]
[PlyCount "76"]
[EventDate "2018.05.13"]
[EventType "tourn"]
[EventCountry "UZB"]

{[%evp 18,76,27,-11,20,26,33,14,20,-7,-5,-6,48,37,62,41,60,66,51,61,72,67,60,64,140,108,129,75,341,341,352,341,310,297,256,225,209,189,209,138,158,143,184,136,137,-42,-42,-126,-129,-137,-141,-125,-141,-608,-432,-469,-473,-1063,-1042,-12845,-12845]} 1. d4 d5 2. Nf3 c6 3. c4 Nf6 4. e3 Bg4 5. h3 Bh5 6. g4 {D11: Slav Defence: 3 Nf3 sidelines and 3...Nf6 4 e3 Bg4} Bg6 7. Ne5 e6 8. Nc3 Nbd7 9. Nxg6 hxg6 10. Qb3 {LiveBook: 8 Games} Qb6 (10... Nxg4 $5 11. Be2 Ngf6 $11) 11. Bg2 Be7 12. Bd2 g5 13. c5 $146 ({Predecessor:} 13. Qa4 Qd8 {½-½ (42) Gelfand,B (2737)-Saric,I (2662) Heraklio 2017}) 13... Qc7 14. Qc2 e5 (14... Kf8 $11) 15. O-O-O $14 g6 16. Ne2 b6 17. cxb6 axb6 18. Kb1 e4 19. f3 exf3 20. Bxf3 O-O {[#]} (20... Kf8 $14) 21. h4 $1 $16 {[%cal Rh4g5]} gxh4 22. g5 (22. Rxh4 $142 {And now Rdh1 would win.} Qa7 23. a3) 22... Ne4 $2 {[%mdl 8192]} (22... Qa7 $16 23. gxf6 Qxa2+ 24. Kc1 Bxf6) 23. Bxe4 $18 dxe4 {[#]} 24. Rdg1 $1 Qd8 ({Worse is} 24... Qa7 25. Nc1 $16) 25. Rxh4 {Threatens to win with Rgh1.} Bxg5 26. Rxe4 {Strongly threatening Reg4.} Nf6 27. Re5 Bh6 28. Qxc6 Bg7 29. Nc3 Qb8 30. Be1 Rc8 31. Qb5 $2 (31. Qg2 $16) 31... Ra5 $15 32. Qb3 (32. Qd3 $15 Rxe5 33. dxe5 Qxe5 34. Bd2) 32... Rxe5 $17 33. dxe5 Qxe5 34. Qxb6 Qf5+ 35. Kc1 $2 {[%mdl 8192]} (35. Ka1 $17) 35... Ne4 {Black is clearly winning.} 36. Qb3 {Now Qc2 and White clings on.} Qf3 37. Kb1 (37. Qb6 $142 Kh7 38. Kb1 Nxc3+ 39. Bxc3 Qe4+ 40. Kc1) 37... Qxe3 $19 38. Rh1 Nxc3+ {Precision: White = 43%, Black = 43%.} 0-1

[Event "UZB-ch Men 2018"]
[Site "Tashkent"]
[Date "2018.05.03"]
[Round "1.3"]
[White "Jumanov, Elbek"]
[Black "Abdusattorov, Nodirbek"]
[Result "0-1"]
[WhiteElo "2283"]
[BlackElo "2550"]
[Annotator "TA"]
[PlyCount "82"]
[EventDate "2018.05.13"]
[EventType "tourn"]
[EventCountry "UZB"]

{[%evp 27,82,0,0,0,0,0,0,0,0,0,3,0,0,0,8,-4,0,0,0,-9,17,0,15,0,0,-41,-37,-61,-62,-63,-52,-60,-64,-81,-90,-85,-79,-75,-75,-170,-161,-215,-218,-664,-658,-618,-518,-852,-847,-835,-834,-835,-826,-827,-809,-786,-765]} 1. c4 Nf6 2. g3 e6 3. Nf3 d5 4. d4 dxc4 5. Bg2 a6 6. O-O Nc6 {[%cal Bb8c6,Bc6b4,Bb4d3][%mdl 32]} 7. Nc3 Rb8 8. e4 Be7 9. d5 Nb4 10. Ne5 {E04: Open Catalan: 5 Nf3} exd5 11. exd5 Bf5 (11... Nd3 12. Nxd3 cxd3 13. Qxd3 O-O 14. Bf4 Bd6 15. Bxd6 Qxd6 16. Rfd1 Re8 17. h3 h5 18. a4 {0-1 (64) Kozul,Z (2594)-Naiditsch,A (2657) Bled 2016}) 12. a3 Nd3 13. Nxc4 O-O 14. b4 Nxc1 {LiveBook: 7 Games} 15. Rxc1 Re8 16. Re1 Bf8 17. Qd4 Qd7 18. Ne5 Qd6 19. Nc4 Qd7 20. Ne5 Qc8 21. Na4 $146 ({Predecessor:} 21. Re3 Bh3 22. Ne4 Bxg2 23. Kxg2 Nxe4 24. Rxe4 Qd8 25. Rce1 Qd6 26. Nc4 Qd7 27. f3 {½-½ (25) Refalo,J (2279)-Ruimy,M (2380) ICCF email 2007}) 21... Bh3 22. Bh1 Qf5 23. Nc5 Qh5 24. Bf3 Qg5 25. Ned3 Bd6 26. Rxe8+ Rxe8 27. Rd1 Bc8 28. Qc4 Qf5 29. Bg2 h5 {[%cal Bh7h5,Bh5g4][%mdl 32]} 30. a4 Qg4 31. Qxg4 hxg4 32. a5 Re2 33. Rb1 (33. Nb3 $17) 33... Rd2 $36 {[%mdl 2048] Hoping for ...Bf5. Black is on the roll.} 34. b5 {[#]} (34. Bf1 $142) 34... Bf5 $1 {And now ...Bxc5 would win.} 35. Bf1 $2 (35. bxa6 bxa6 36. Rb3) 35... Bxc5 $1 {Black is clearly winning.} 36. bxa6 Bxd3 37. axb7 (37. Bxd3 $142 bxa6 38. Rb8+ Bf8 39. Bxa6) 37... Bxf2+ 38. Kh1 Be4+ 39. Bg2 Bxg2+ 40. Kxg2 Ba7+ 41. Kf1 Nd7 {Precision: White = 46%, Black = 84%.} 0-1

[Event "UZB-ch Men 2018"]
[Site "Tashkent"]
[Date "2018.05.03"]
[Round "1.4"]
[White "Vahidov, Tair"]
[Black "Iuldachev, Saidali"]
[Result "1/2-1/2"]
[WhiteElo "2400"]
[BlackElo "2469"]
[Annotator "TA"]
[PlyCount "27"]
[EventDate "2018.05.13"]
[EventType "tourn"]
[EventCountry "UZB"]

{[%evp 21,27,0,-6,-2,0,0,43,0]} 1. d4 d5 2. c4 e6 3. Nc3 Nf6 4. Nf3 Be7 5. Bg5 O-O 6. e3 b6 7. Be2 Bb7 8. cxd5 Nxd5 9. Bxe7 Qxe7 10. Nxd5 Bxd5 11. O-O Nd7 12. a3 {D55: Queen's Gambit Declined: 4 Bg5 Be7: Lines without ...h6 and 6...h6 7 Bxf6} c5 13. Rc1 {[#]} Nb8 $146 ({Predecessor:} 13... Rac8 14. dxc5 Nxc5 15. b4 Ne4 {0-1 (44) Kiss,P (2362)-Teske,H (2538) Bugibba 2011}) 14. Ra1 1/2-1/2

[Event "UZB-ch Men 2018"]
[Site "Tashkent"]
[Date "2018.05.03"]
[Round "1.5"]
[White "Barsov, Alexei"]
[Black "Saydaliev, Saidakbar"]
[Result "0-1"]
[WhiteElo "2411"]
[BlackElo "2361"]
[Annotator "TA"]
[PlyCount "62"]
[EventDate "2018.05.13"]
[EventType "tourn"]
[EventCountry "UZB"]

{[%evp 27,62,-37,0,-14,-7,-24,-19,-22,-19,-104,-89,-122,-145,-206,-233,-224,-236,-194,-201,-203,-162,-211,-199,-189,-183,-638,-637,-859,-853,-815,-832,-2065,-2063,-1938,-1831,-29997,-29998]} 1. d4 Nf6 2. c4 e6 3. Nf3 d5 4. Nc3 Bb4 5. cxd5 exd5 6. Qa4+ Nc6 7. Bg5 h6 8. Bxf6 Qxf6 9. e3 O-O 10. Be2 Be6 11. O-O a6 12. Rfc1 Bd6 13. Qd1 Ne7 14. a3 {D38: Queen's Gambit Declined: Ragozin Defence (4 Nf3 Bb4)} g5 {[%cal Bg7g5,Bg5f4][%mdl 32] LiveBook: 5 Games} 15. g3 Qg7 16. Na4 {The position is equal.} b6 {[#]} 17. b4 $146 ({Predecessor:} 17. Bf1 f5 18. Qe1 Kh8 19. b4 Ng6 20. Rc6 g4 21. Nd2 Qd7 {½-½ (52) Wang,H (2734)-Leko,P (2712) Danzhou 2016}) 17... f5 18. Rc3 (18. Nc5 $11 {remains equal.} bxc5 19. bxc5) 18... f4 $17 19. exf4 gxf4 20. Ne5 (20. Bf1 $17) 20... Nf5 $19 ({Less strong is} 20... Bxe5 21. dxe5 Bd7 22. Rac1 $15) 21. Bg4 Rae8 ({Weaker is} 21... Bxe5 22. dxe5 Rae8 23. Rac1 $11) 22. Bxf5 Rxf5 {[%cal Bf8f5,Bf5e5,Be5e2][%mdl 32]} 23. Rac1 Ref8 24. Qe2 Bxe5 25. dxe5 Rxe5 26. Qxa6 $2 {[#]} (26. Qd2 Rf7 27. Rf3) 26... Bh3 27. Nb2 Rfe8 28. Nd3 Re2 29. Qa4 Qd4 {[#] ( -> ...Qxf2+!)} 30. Qd1 Qe4 {[%csl Gh3][%cal Re4g2]} 31. f3 Qe3+ {Precision: White = 27%, Black = 90%.} 0-1

[Event "UZB-ch Men 2018"]
[Site "Tashkent"]
[Date "2018.05.03"]
[Round "1.6"]
[White "Khoroshev, Nikita"]
[Black "Sindarov, Javokhir"]
[Result "1-0"]
[WhiteElo "2340"]
[BlackElo "2430"]
[Annotator "TA"]
[PlyCount "111"]
[EventDate "2018.05.13"]
[EventType "tourn"]
[EventCountry "UZB"]

{[%evp 23,111,0,35,28,36,32,93,62,140,138,163,143,149,157,159,156,202,158,144,132,204,146,126,128,147,181,281,267,281,278,256,255,428,452,423,395,452,419,419,0,0,0,441,453,440,397,438,438,425,424,523,512,506,527,498,511,552,537,524,522,518,496,518,512,536,499,529,493,582,533,693,650,692,682,650,643,1079,1047,884,808,1360,1317,1593,1312,29968,29970,29976,29977,29975,29976]} 1. d4 Nf6 2. Bf4 g6 3. e3 Bg7 4. Nf3 d6 5. c3 O-O 6. h3 Nbd7 7. Be2 b6 8. a4 c5 9. O-O Bb7 10. Bh2 a6 11. Nbd2 Rc8 12. Bd3 {A48: 1 d4 Nf6 2 Nf3 g6: Torre, London and Colle Systems} Rc7 {LiveBook: 3 Games} (12... e5 13. dxe5 Nxe5 14. Nxe5 dxe5 15. Qe2 Qd6 16. Rfd1 Qc6 17. e4 Bh6 18. Nc4 Bf4 19. g3 Bh6 20. Nxe5 {½-½ (45) Banusz,T (2616)-Puranik,A (2459) Zalakaros 2017}) 13. Qe2 Qa8 14. e4 {[%cal Be3e4,Be4e5][%mdl 32] White is slightly better.} Re8 $146 ({Black should play} 14... cxd4 $14 15. cxd4 Rcc8) ({Predecessor:} 14... cxd4 15. cxd4 Rcc8 16. Rfe1 Ne8 17. Rac1 Nc7 18. Qe3 Ne6 19. Rcd1 Rfd8 {1-0 (51) Faizulaev,A (2405)-Khusnutdinov,R (2496) Abu Dhabi 2016}) 15. e5 Nd5 (15... cxd4 $1 $14 16. exf6 exf6) 16. e6 $16 Nf8 17. exf7+ Kxf7 18. dxc5 bxc5 19. Rfe1 {aiming for Bxd6.} Rd8 20. Ne4 Kg8 21. Rad1 Kh8 (21... Rcd7 $16) 22. a5 Nf6 23. Neg5 e5 24. Bc4 Qc8 (24... Rdd7 {keeps fighting.} 25. Ne6 Nxe6 26. Bxe6 Rd8) 25. Nxe5 $18 dxe5 26. Rxd8 (26. Bxe5 Re8 $16) 26... Qxd8 27. Bxe5 Re7 $2 {[#]} (27... Rd7) 28. Bd6 $1 {[%mdl 512]} Rd7 {[#]} (28... Qxd6 29. Qxe7) 29. Be7 $1 Qc7 30. Nf7+ Kg8 {With the idea ...Bd5.} 31. Nh6+ $2 (31. Ne5+ $18 Kh8 32. Bxf8 Bxf8 33. Nxd7) 31... Kh8 $11 32. Nf7+ $2 {[%mdl 8192]} (32. g3 $11 Nd5 33. Nf7+ Kg8 34. Nd8 Rxd8 35. Bxd8 Qxd8 36. Rd1) 32... Kg8 $18 {Threatening ...Bd5.} 33. Bd6 Qc8 34. Ne5+ Kh8 35. Bxf8 Bxf8 36. Nxd7 Qxd7 37. Qe6 Kg7 38. Qxd7+ Nxd7 39. Re6 g5 40. Kf1 h6 41. f3 {[%cal Bf2f3,Bf3g4,Bg4g5][%mdl 32]} h5 42. Ke2 g4 43. hxg4 hxg4 44. fxg4 Nf6 45. g5 Ne4 46. Bxa6 Bd5 47. Re5 Bc6 48. Bd3 Ng3+ 49. Kf2 Nh1+ 50. Kg1 Ng3 51. c4 Kf7 52. Re3 Bg7 53. Rxg3 Bxb2 54. g6+ {White mates.} Kg8 55. a6 Bd4+ 56. Kf1 {Precision: White = 88%, Black = 42%.} 1-0

[Event "UZB-ch Men 2018"]
[Site "Tashkent"]
[Date "2018.05.03"]
[Round "1.7"]
[White "Fayzullaev, Akmal"]
[Black "Tillyaev, Ulugbek"]
[Result "1/2-1/2"]
[WhiteElo "2382"]
[BlackElo "2292"]
[PlyCount "24"]
[EventDate "2018.05.13"]
[EventType "tourn"]
[EventCountry "UZB"]
[TimeControl "5400+30"]
[WhiteClock "1:27:58"]
[BlackClock "1:31:10"]

1. e4 {[%emt 0:00:00]} e5 {[%emt 0:02:11]} 2. Nf3 {[%emt 0:00:00]} Nc6 {[%emt 0:00:06]} 3. Bb5 {[%emt 0:00:13]} a6 {[%emt 0:00:07]} 4. Bxc6 {[%emt 0:00:39]} dxc6 {[%emt 0:00:05]} 5. O-O {[%emt 0:00:08]} Qd6 {[%emt 0:01:02]} 6. Na3 {[%emt 0:01:08]} Be6 {[%emt 0:00:17]} 7. b3 {[%emt 0:01:07]} O-O-O {[%emt 0:01:13]} 8. Nc4 {[%emt 0:00:12]} Bxc4 {[%emt 0:00:04]} 9. bxc4 {[%emt 0:00:05]} Ne7 {[%emt 0:00:54]} 10. Rb1 {[%emt 0:00:23]} f6 {[%emt 0:01:48]} 11. d3 {[%emt 0:00:18]} c5 {[%emt 0:00:07]} 12. Be3 {[%emt 0:00:37]} Nc6 {[%emt 0:00:08]} 1/2-1/2

[Event "UZB-ch Men 2018"]
[Site "Tashkent"]
[Date "2018.05.04"]
[Round "2.1"]
[White "Abdisalimov, Abdimalik"]
[Black "Tillyaev, Ulugbek"]
[Result "0-1"]
[WhiteElo "2317"]
[BlackElo "2292"]
[PlyCount "44"]
[EventDate "2018.05.13"]
[EventType "tourn"]
[EventCountry "UZB"]
[TimeControl "5400+30"]
[WhiteClock "0:10:08"]
[BlackClock "0:07:41"]

1. c4 {[%emt 0:00:00]} e5 {[%emt 0:01:28]} 2. a3 {[%emt 0:00:52]} Nf6 {[%emt 0:04:44]} 3. d3 {[%emt 0:03:13]} c6 {[%emt 0:02:34]} 4. Nf3 {[%emt 0:01:01]} Bd6 {[%emt 0:00:16]} 5. g3 {[%emt 0:01:15]} Bc7 {[%emt 0:05:56]} 6. Bg2 {[%emt 0:00:20]} O-O {[%emt 0:00:22]} 7. O-O {[%emt 0:00:05]} h6 {[%emt 0:01:00]} 8. b4 {[%emt 0:06:51]} d5 {[%emt 0:07:17]} 9. cxd5 {[%emt 0:06:15]} cxd5 {[%emt 0:00:35]} 10. Nc3 {[%emt 0:08:32]} Nbd7 {[%emt 0:29:48]} 11. Nd2 {[%emt 0:02:16]} Nb6 {[%emt 0:04:53]} 12. Bb2 {[%emt 0:00:00]} a6 {[%emt 0:06:08]} 13. Rc1 {[%emt 0:21:41]} Bd7 {[%emt 0:00:58]} 14. Ba1 {[%emt 0:13:18]} Rb8 {[%emt 0:03:27]} 15. a4 {[%emt 0:02:28]} Be6 {[%emt 0:06:26]} 16. a5 {[%emt 0:12:13]} Nbd7 {[%emt 0:00:05]} 17. Qa4 {[%emt 0:04:03]} Bd6 {[%emt 0:00:44]} 18. d4 {[%emt 0:02:55]} b5 {[%emt 0:11:46]} 19. axb6 {[%emt 0:03:27]} Nxb6 {[%emt 0:02:02]} 20. Qxa6 {[%emt 0:00:59]} exd4 {[%emt 0:00:04]} 21. Ncb1 {[%emt 0:01:09]} Ra8 {[%emt 0:00:15]} 22. Qd3 {[%emt 0:00:26]} Rxa1 {[%emt 0:00:04]} 0-1

[Event "UZB-ch Men 2018"]
[Site "Tashkent"]
[Date "2018.05.04"]
[Round "2.2"]
[White "Sindarov, Javokhir"]
[Black "Fayzullaev, Akmal"]
[Result "1/2-1/2"]
[WhiteElo "2430"]
[BlackElo "2382"]
[Annotator "TA"]
[PlyCount "105"]
[EventDate "2018.05.13"]
[EventType "tourn"]
[EventCountry "UZB"]

{[%evp 12,105,20,20,29,6,27,-3,0,0,0,0,0,-7,13,0,0,0,5,0,0,-24,-11,0,0,-18,-19,-15,-14,-26,-25,-41,-40,-50,-21,-15,0,-8,-4,-17,22,0,33,-18,0,0,0,0,48,42,53,23,47,44,89,87,267,256,262,224,244,225,564,539,435,30,30,30,30,30,30,30,30,0,30,0,30,30,30,0,31,-12827,-5904,-2176,559,0,0,0,0,0,0,0,0,0,0,0]} 1. e4 c5 2. Nc3 Nc6 3. Nf3 d6 4. Bb5 Bd7 5. O-O Nf6 6. Re1 e5 {B51: Sicilian: Moscow Variation (3 Bb5+) without 3...Bd7} (6... g6 7. Bxc6 Bxc6 8. d4 cxd4 9. Nxd4 Bg7 10. Bg5 O-O 11. Qd2 Re8 12. Rad1 Qa5 13. Nb3 Qc7 14. Nd5 Nxd5 15. exd5 {1-0 (24) Andriasian,Z (2591)-Eliseev,U (2536) St Petersburg 2015}) 7. d3 {LiveBook: 3 Games} Be7 8. Bg5 O-O 9. Nd2 a6 10. Bxc6 Bxc6 11. Nc4 $146 ({Predecessor:} 11. f4 Nd7 12. Bxe7 Qxe7 13. fxe5 Nxe5 14. Re3 {1-0 (39) Nassau,P (1772)-Sandjivy,J (1361) St Denis 2013}) 11... b5 12. Ne3 g6 13. Qf3 Ne8 14. Bxe7 Qxe7 15. Ncd5 Qd8 16. c4 Nc7 17. Nxc7 Qxc7 18. Qg3 bxc4 19. Nxc4 f5 {[%cal Bf7f5,Bf5f4][%mdl 32]} 20. Rac1 f4 21. Qg4 Bd7 22. Qh4 Bb5 23. b4 Rf7 24. h3 Rb8 25. a3 Rc8 26. Kh2 Rff8 27. Red1 (27. bxc5 $14 dxc5 28. Red1) 27... Ba4 28. Rd2 cxb4 29. axb4 Bb3 30. Rb2 Bxc4 31. Rxc4 Qb7 32. f3 d5 33. Rxc8 Rxc8 $2 $16 {[%mdl 4096] Endgame KQR-KQR} (33... Qxc8 $16 34. Ra2 d4) 34. Qf6 $18 Re8 35. Rc2 dxe4 36. dxe4 Qxb4 $2 (36... Qa7 {is a better chance.} 37. Ra2 Qe7 38. Qxa6 Qxb4) 37. Rc7 {[%csl Gc7][%cal Rf6g7]} Qf8 {[#]} 38. Qxa6 $2 (38. Qc6 $1 $18 {[%cal Rc6d7] Threatens to win with Qd7.} Kh8 39. Qxa6) 38... Re7 $1 $11 {[%cal Re7c7]} 39. Rc8 Re8 40. Qc4+ Kh8 $1 41. Rc7 {Black must now prevent Qc6.} Qf6 42. Rf7 Qg5 43. Qb4 Kg8 (43... Rd8 $5 {[%cal Rg5g3]} 44. Qe1 Re8 $14) 44. Rc7 Rd8 45. Kg1 Kh8 46. Qc3 $2 {[%mdl 8192]} (46. Qa4 $14) 46... Rd1+ $19 47. Kf2 {[#]} Qg3+ $2 ({Black should try} 47... Rh1 $1 $19 {( -> ...Qg3+)} 48. Qd2 Qg3+ 49. Ke2 Qxg2+ 50. Kd3 Qxf3+ 51. Kc4 Qxe4+ 52. Kc3 Rxh3+ 53. Kb2 Rd3) 48. Ke2 $11 Rd4 {The position is equal.} 49. Kf1 $1 $36 {[%mdl 2048] Hoping for Re7. White is pushing.} Rd1+ 50. Ke2 Rd4 51. Kf1 $1 Rd1+ 52. Ke2 Rd4 53. Kf1 $1 {Precision: White = 33%, Black = 39%.} 1/2-1/2

[Event "UZB-ch Men 2018"]
[Site "Tashkent"]
[Date "2018.05.04"]
[Round "2.3"]
[White "Saydaliev, Saidakbar"]
[Black "Khoroshev, Nikita"]
[Result "1/2-1/2"]
[WhiteElo "2361"]
[BlackElo "2340"]
[PlyCount "58"]
[EventDate "2018.05.13"]
[EventType "tourn"]
[EventCountry "UZB"]
[TimeControl "5400+30"]
[WhiteClock "0:46:22"]
[BlackClock "0:25:01"]

1. Nf3 Nf6 {[%emt 0:02:46]} 2. c4 {[%emt 0:00:00]} e6 {[%emt 0:00:05]} 3. Nc3 {[%emt 0:00:23]} d5 {[%emt 0:00:06]} 4. d4 {[%emt 0:01:10]} Be7 {[%emt 0:01:28]} 5. Bf4 {[%emt 0:01:49]} O-O {[%emt 0:01:11]} 6. e3 {[%emt 0:00:23]} a6 {[%emt 0:02:25]} 7. c5 {[%emt 0:09:32]} b6 {[%emt 0:04:04]} 8. b4 {[%emt 0:11:53]} Nh5 {[%emt 0:05:23]} 9. Bg3 {[%emt 0:00:32]} Nxg3 {[%emt 0:02:23]} 10. hxg3 {[%emt 0:00:08]} Nc6 {[%emt 0:00:02]} 11. a3 {[%emt 0:00:11]} g6 {[%emt 0:00:55]} 12. Be2 {[%emt 0:03:42]} Bb7 {[%emt 0:01:50]} 13. O-O {[%emt 0:07:43]} Bf6 {[%emt 0:00:15]} 14. cxb6 {[%emt 0:13:46]} cxb6 {[%emt 0:00:05]} 15. Rc1 {[%emt 0:00:09]} Be7 {[%emt 0:09:41]} 16. Qb3 {[%emt 0:04:33]} Qd6 {[%emt 0:05:21]} 17. Na4 {[%emt 0:05:29]} Nb8 {[%emt 0:02:28]} 18. Ne5 {[%emt 0:01:50]} f6 {[%emt 0:00:37]} 19. Nd3 {[%emt 0:00:35]} Nd7 {[%emt 0:00:01]} 20. f4 {[%emt 0:03:17]} Rfc8 {[%emt 0:00:27]} 21. Rxc8+ {[%emt 0:03:54]} Rxc8 {[%emt 0:02:56]} 22. Rc1 {[%emt 0:00:03]} Rxc1+ {[%emt 0:02:48]} 23. Nxc1 {[%emt 0:00:01]} Qc7 {[%emt 0:01:02]} 24. Qc3 {[%emt 0:01:36]} Bd6 {[%emt 0:01:11]} 25. Qxc7 {[%emt 0:01:44]} Bxc7 {[%emt 0:00:02]} 26. Nc3 {[%emt 0:00:28]} Kf7 {[%emt 0:00:17]} 27. Nb3 {[%emt 0:04:16]} Bd6 {[%emt 0:00:34]} 28. Kf2 {[%emt 0:00:10]} Ke7 {[%emt 0:03:57]} 29. Bd3 {[%emt 0:00:12]} Nb8 {[%emt 0:03:48]} 1/2-1/2

[Event "UZB-ch Men 2018"]
[Site "Tashkent"]
[Date "2018.05.04"]
[Round "2.4"]
[White "Iuldachev, Saidali"]
[Black "Barsov, Alexei"]
[Result "1/2-1/2"]
[WhiteElo "2469"]
[BlackElo "2411"]
[Annotator "TA"]
[PlyCount "29"]
[EventDate "2018.05.13"]
[EventType "tourn"]
[EventCountry "UZB"]

{[%evp 20,29,7,-16,-8,-8,-9,-10,-6,-2,0,-6]} 1. e4 e6 2. d4 d5 3. Nc3 dxe4 4. Nxe4 Nd7 5. Nf3 Ngf6 6. Nxf6+ Nxf6 7. c3 c5 8. Bb5+ Bd7 9. Bxd7+ Qxd7 10. O-O cxd4 11. Qxd4 {The position is equal.} Qxd4 {B22: Sicilian: 2 c3} 12. Nxd4 Bc5 13. Nb3 Bd6 $146 ({Predecessor:} 13... Bb6 14. Bf4 Ke7 15. Bg5 h6 16. Bxf6+ Kxf6 17. Rfd1 Rhd8 18. Kf1 e5 19. Ke2 {1-0 (57) Stojiljkovic,S (2034)-Ristic,N (2309) Nis 2013}) 14. Rd1 Ke7 15. Bg5 1/2-1/2

[Event "UZB-ch Men 2018"]
[Site "Tashkent"]
[Date "2018.05.04"]
[Round "2.5"]
[White "Abdusattorov, Nodirbek"]
[Black "Vahidov, Tair"]
[Result "1/2-1/2"]
[WhiteElo "2550"]
[BlackElo "2400"]
[Annotator "TA"]
[PlyCount "69"]
[EventDate "2018.05.13"]
[EventType "tourn"]
[EventCountry "UZB"]

{[%evp 16,69,30,39,25,22,25,28,38,53,83,59,33,-10,-6,-26,-34,-45,-56,-49,-49,-48,-43,-47,-58,-60,-54,-70,-64,-83,-90,-105,-92,-96,-80,-73,-74,-95,-92,-89,-85,-106,0,0,0,0,0,0,0,0,0,0,0,0,29992,0]} 1. d4 Nf6 2. c4 c5 3. Nf3 cxd4 4. Nxd4 g6 5. Nc3 d5 6. Bg5 dxc4 {A31: Symmetrical English: 2 Nf3 Nf6 3 d4} 7. e3 Bg7 8. Bxc4 O-O 9. O-O {LiveBook: 10 Games} Bd7 (9... a6 10. Be2 Nbd7 11. Rc1 e5 12. Nb3 h6 13. Bh4 b5 {0-1 (43) Ponomariov,R (2756)-Nepomniachtchi,I (2717) Riga 2013}) 10. Qe2 Nc6 11. Rfd1 Qc8 $146 ({Predecessor:} 11... Ne5 12. Bb3 Qa5 13. Bh4 Rac8 14. h3 Bc6 15. Bxf6 exf6 {1-0 (26) Haselhorst,H (2158)-Seger,R (2384) Enger Spenge 1998}) 12. e4 Re8 13. Nxc6 Bxc6 14. h3 Nxe4 15. Nxe4 Qf5 16. Re1 Bxe4 $1 17. Qxe4 Qxg5 18. Qxb7 e6 19. Rab1 Bd4 20. Qf3 Rad8 21. b4 Rc8 22. Bb3 Rc3 23. Qe4 Rd8 {And now ...Rxh3 would win.} 24. Rbd1 Bb6 25. Rxd8+ Qxd8 26. Rd1 Qf6 27. Qe2 Qf4 28. b5 Rxh3 (28... Rg3 $17 29. Rf1 Rg5) 29. gxh3 $11 Qg3+ $1 30. Kh1 Qxh3+ 31. Kg1 {Black must now prevent Rd3.} Qg3+ 32. Kf1 Qh3+ 33. Kg1 {Threatens to win with Rd3.} Bc7 {( -> ...Qh2+)} 34. Qe3 Bb6 $2 {[%mdl 8192] [#]} (34... Bh2+ $11 35. Kh1 Bg3+ 36. Kg1 Bh2+ 37. Kh1 Bg3+ 38. Kg1 Bh2+) 35. Qe2 $2 {Precision: White = 58%, Black = 63%.} (35. Qxh3 {mates} a5 36. bxa6 h5 {[#]} 37. Bxe6 $1 {[%mdl 512]} Kh7 38. Bxf7 Kg7 39. Qe6 g5 40. Rd7 Bxf2+ 41. Kxf2 Kh7 42. Bxh5+ Kh8 43. Qe8#) 1/2-1/2